[Event "37. Copenhagen Open (Politiken Cup)"]
[Site "Elsinore"]
[Date "2015.07.26"]
[Round "2"]
[White "Brobakken, Geir"]
[Black "Birkestrand, Odd Helge"]
[Result "1-0"]
[WhiteElo "1936"]
[BlackElo "1698"]
[PlyCount "55"]
[EventDate "2015.07.25"]
[EventType "swiss"]
[EventRounds "10"]
[EventCountry "DEN"]
[Source "ChessBase"]
[SourceDate "2015.09.14"]

1. e4 e5 2. Nc3 Nc6 3. Bc4 Nf6 4. d3 Be7 5. Nge2 O-O 6. O-O d6 7. f4 exf4 8.
Nxf4 Ne5 9. Bb3 c6 10. Kh1 b5 11. d4 Ned7 12. Qf3 Qb6 13. Nce2 Bb7 14. c3 c5
15. dxc5 dxc5 16. Nd5 Nxd5 17. Bxd5 Bxd5 18. exd5 Qf6 19. Bf4 Bd6 20. Bxd6 Qxd6
21. Rad1 Rae8 22. b3 Nf6 23. Ng3 Rd8 24. c4 b4 25. Nf5 Qd7 26. Qe3 Qc7 27. d6
Qb6 28. Qg5 1-0

[Event "37. Copenhagen Open (Politiken Cup)"]
[Site "Elsinore"]
[Date "2015.07.26"]
[Round "2"]
[White "Brorsen, Jacob Abildlund"]
[Black "Brunello, Sabino"]
[Result "0-1"]
[WhiteElo "2110"]
[BlackElo "2539"]
[PlyCount "122"]
[EventDate "2015.07.25"]
[EventType "swiss"]
[EventRounds "10"]
[EventCountry "DEN"]
[Source "ChessBase"]
[SourceDate "2015.09.14"]

1. d4 Nf6 2. c4 e6 3. g3 c5 4. d5 exd5 5. cxd5 d6 6. Nc3 g6 7. Bg2 Bg7 8. Nf3
O-O 9. Nd2 Nbd7 10. O-O a6 11. a4 Rb8 12. Nc4 Nb6 13. Na3 Bd7 14. Re1 Re8 15.
Bf4 Qc7 16. e4 Ng4 17. a5 Nc8 18. Nc4 Bd4 19. Ne3 Nxe3 20. Bxe3 Bg7 21. f4 b5
22. e5 dxe5 23. d6 Nxd6 24. Nd5 Qd8 25. Bxc5 Nc4 26. b3 Nxa5 27. Bd6 Nc6 28.
Bxb8 Nxb8 29. Ra2 exf4 30. Nxf4 Rxe1+ 31. Qxe1 g5 32. Nd5 Be6 33. Re2 Qd7 34.
Qd2 h6 35. Kh1 Nc6 36. Nb6 Qc7 37. Nd5 Qd8 38. Ne3 Nd4 39. b4 Qf8 40. Re1 Nb3
41. Qd1 Qxb4 42. Nd5 Qd2 43. Qxd2 Nxd2 44. Nc7 Bc4 45. Re8+ Kh7 46. Nxa6 f5 47.
Bh3 Kg6 48. Rc8 f4 49. Rd8 Bc3 50. Rd6+ Kg7 51. gxf4 gxf4 52. Nc5 f3 53. Rd7+
Kg6 54. Nd3 Bxd3 55. Rxd3 b4 56. Kg1 Kg5 57. Kf2 Kf4 58. Be6 Ne4+ 59. Kf1 Nc5
60. Bc4 Nxd3 61. Bxd3 b3 0-1

[Event "37. Copenhagen Open (Politiken Cup)"]
[Site "Elsinore"]
[Date "2015.07.26"]
[Round "2"]
[White "Buchal, Stephan"]
[Black "Skovgaard, Ib"]
[Result "1-0"]
[WhiteElo "2267"]
[BlackElo "2031"]
[PlyCount "51"]
[EventDate "2015.07.25"]
[EventType "swiss"]
[EventRounds "10"]
[EventCountry "DEN"]
[Source "ChessBase"]
[SourceDate "2015.09.14"]

1. c4 c6 2. Nf3 d5 3. g3 dxc4 4. Bg2 Nd7 5. O-O e5 6. Qc2 Ngf6 7. Qxc4 Nc5 8.
Nxe5 Be6 9. Qc2 Nd5 10. d4 Nb4 11. Qd2 Bd6 12. dxc5 Bxc5 13. Nc3 Qc7 14. Nd3
O-O-O 15. Ne4 Be7 16. a3 Nxd3 17. exd3 f5 18. Nc3 g5 19. Qe3 Bb3 20. Qxa7 Bf6
21. Be3 Qg7 22. Bb6 Be5 23. Qa8+ Bb8 24. Ba7 Kc7 25. Nb5+ cxb5 26. Qxb7+ 1-0

[Event "37. Copenhagen Open (Politiken Cup)"]
[Site "Elsinore"]
[Date "2015.07.26"]
[Round "2"]
[White "Carnstam, Tomas"]
[Black "Aabling Thomsen, Jakob"]
[Result "0-1"]
[WhiteElo "2034"]
[BlackElo "2333"]
[PlyCount "190"]
[EventDate "2015.07.25"]
[EventType "swiss"]
[EventRounds "10"]
[EventCountry "DEN"]
[Source "ChessBase"]
[SourceDate "2015.09.14"]

1. c4 e5 2. Nc3 Nc6 3. e4 Bc5 4. Nf3 Nf6 5. Nxe5 Nxe5 6. d4 Bb4 7. dxe5 Nxe4 8.
Qc2 Bxc3+ 9. bxc3 Nc5 10. Be3 Qe7 11. f4 b6 12. Bxc5 Qxc5 13. O-O-O Bb7 14. Rd4
O-O-O 15. Bd3 g6 16. Be4 Rhe8 17. Bxb7+ Kxb7 18. Rhd1 d6 19. Kb1 Re6 20. g3 Qc6
21. Qb3 Rd7 22. Qb4 f6 23. exf6 Rxf6 24. Re1 Rf5 25. Ree4 Rc5 26. Qb3 d5 27.
cxd5 Rdxd5 28. Rxd5 Rxd5 29. Kc2 Qd7 30. Re2 Qf5+ 31. Kc1 Qd3 32. Qc2 Qc4 33.
Rd2 Rc5 34. Rd3 Qe4 35. Qd2 b5 36. Rd4 Qc6 37. Kb2 a5 38. Rd3 Rc4 39. Rd4 Rc5
40. Qd3 Kb6 41. Qd2 Qf6 42. Rd5 Rc4 43. Qe3+ Ka6 44. Re5 Rc6 45. Qd3 Rb6 46.
Qd5 Qc6 47. Qxc6 Rxc6 48. Re7 h5 49. Rh7 Re6 50. f5 gxf5 51. Rxh5 Re2+ 52. Kb1
Rf2 53. h4 Rf3 54. Rg5 Rxc3 55. h5 Rf3 56. h6 Rf1+ 57. Kb2 Rh1 58. Rg6+ Kb7 59.
Rf6 c6 60. Kc3 Rh3 61. Kd4 Rxg3 62. Ke5 b4 63. Rxf5 Rh3 64. Rf7+ Kb6 65. h7 a4
66. Kf4 Rh1 67. Kg3 b3 68. axb3 axb3 69. Rf3 Rxh7 70. Rxb3+ Kc5 71. Rc3+ Kd5
72. Kf2 Re7 73. Rc2 c5 74. Rc1 c4 75. Re1 Ra7 76. Ke3 Ra2 77. Rd1+ Kc5 78. Rb1
Ra3+ 79. Kd2 Kd4 80. Rb8 Ra2+ 81. Kc1 Kc3 82. Kb1 Rh2 83. Rg8 Rh1+ 84. Ka2 Rd1
85. Rc8 Rd4 86. Kb1 Kd2 87. Kb2 Kd3 88. Kc1 Rg4 89. Rd8+ Kc3 90. Rd1 Kb3 91.
Rh1 c3 92. Kb1 Rg2 93. Rf1 Rb2+ 94. Kc1 Ra2 95. Kb1 c2+ 0-1

[Event "37. Copenhagen Open (Politiken Cup)"]
[Site "Elsinore"]
[Date "2015.07.26"]
[Round "2"]
[White "Carstensen, Jacob"]
[Black "Skjoldager, Mikael"]
[Result "1-0"]
[WhiteElo "2336"]
[BlackElo "2056"]
[PlyCount "83"]
[EventDate "2015.07.25"]
[EventType "swiss"]
[EventRounds "10"]
[EventCountry "DEN"]
[Source "ChessBase"]
[SourceDate "2015.09.14"]

1. d4 Nf6 2. c4 g6 3. Nc3 d5 4. Nf3 Bg7 5. Bf4 O-O 6. e3 c6 7. Rc1 Bg4 8. h3
Bxf3 9. Qxf3 Qa5 10. Bd3 Nbd7 11. O-O dxc4 12. Bxc4 e5 13. Bh2 exd4 14. exd4
Nb6 15. Bb3 Rad8 16. Rfd1 Rd7 17. Be5 Nbd5 18. Na4 Qd8 19. Nc5 Re7 20. g4 h5
21. g5 Ne8 22. Qg3 h4 23. Qh2 Rxe5 24. dxe5 Qxg5+ 25. Qg2 Qxg2+ 26. Kxg2 Nec7
27. Rc4 Bxe5 28. Nd7 Re8 29. Re4 f6 30. Rde1 Kg7 31. Nxe5 fxe5 32. Rxe5 Rf8 33.
Re7+ Kf6 34. Bxd5 Nxd5 35. Rxb7 Nf4+ 36. Kh2 Kg5 37. Re3 Nd5 38. Re2 Rf3 39.
Rc2 Rd3 40. Rxa7 Nf4 41. Ra3 Rd1 42. Ra4 1-0

[Event "37. Copenhagen Open (Politiken Cup)"]
[Site "Elsinore"]
[Date "2015.07.26"]
[Round "2"]
[White "Chabanon, Jean Luc"]
[Black "Hvenekilde, Jorgen"]
[Result "1-0"]
[WhiteElo "2493"]
[BlackElo "2114"]
[PlyCount "81"]
[EventDate "2015.07.25"]
[EventType "swiss"]
[EventRounds "10"]
[EventCountry "DEN"]
[Source "ChessBase"]
[SourceDate "2015.09.14"]

1. d4 d6 2. e4 g6 3. Nc3 Bg7 4. f4 e6 5. Nf3 a6 6. Bd3 Ne7 7. O-O Nd7 8. Qe1 c5
9. e5 d5 10. Be3 b6 11. Nd1 cxd4 12. Nxd4 Nc5 13. Bf2 Qc7 14. Ne3 g5 15. fxg5
Qxe5 16. Nf3 Qxb2 17. Rb1 Qa3 18. Ng4 Nxd3 19. cxd3 Ng6 20. Bd4 Bxd4+ 21. Nxd4
Ra7 22. Qf2 Rc7 23. Rxb6 Qc5 24. Rb8 Rf8 25. Nf6+ Kd8 26. Nxh7 Rh8 27. Nf6 Rh4
28. Nf3 Qxf2+ 29. Kxf2 Ra4 30. Kg3 Rxa2 31. h4 Rcc2 32. Ne1 Rcb2 33. Rxb2 Rxb2
34. h5 Ne7 35. h6 Ng6 36. Nf3 d4 37. h7 Bb7 38. Ne5 Nh8 39. Ne4 Bxe4 40. Nxf7+
Nxf7 41. dxe4 1-0

[Event "37. Copenhagen Open (Politiken Cup)"]
[Site "Elsinore"]
[Date "2015.07.26"]
[Round "2"]
[White "Christensen, Lasse"]
[Black "Klitgaard, Ebbe"]
[Result "1-0"]
[WhiteElo "2168"]
[BlackElo "1961"]
[PlyCount "109"]
[EventDate "2015.07.25"]
[EventType "swiss"]
[EventRounds "10"]
[EventCountry "DEN"]
[Source "ChessBase"]
[SourceDate "2015.09.14"]

1. e4 d5 2. exd5 Qxd5 3. Nc3 Qa5 4. d4 c6 5. Nf3 Nf6 6. Bc4 Bf5 7. Bd2 e6 8.
Qe2 Bb4 9. O-O-O O-O 10. Ne5 Nbd7 11. Nxd7 Nxd7 12. g4 Bg6 13. h4 h6 14. h5 Bh7
15. Kb1 Nb6 16. Bd3 Bxd3 17. Qxd3 Nd5 18. Nxd5 cxd5 19. c3 Be7 20. Rdg1 Qa6 21.
Qe3 Rae8 22. f4 f6 23. Qf3 Qd6 24. Qg2 Qd8 25. Re1 Qd6 26. Rhg1 Kh8 27. Qe2 Bd8
28. g5 f5 29. gxh6 gxh6 30. Qe5+ Qxe5 31. Rxe5 Bc7 32. Re2 Rg8 33. Rge1 Rg4 34.
Rxe6 Rxe6 35. Rxe6 Bxf4 36. Bxf4 Rxf4 37. Rxh6+ Kg7 38. Rd6 Rf1+ 39. Kc2 Rf2+
40. Kd3 Rxb2 41. Rxd5 Kf6 42. a4 Kg5 43. h6 Rh2 44. Rd7 Rxh6 45. Rxb7 Ra6 46.
Rb4 Kf6 47. Ke3 Ra5 48. c4 Ke6 49. Kf4 Kd6 50. c5+ Ke6 51. Rc4 Kd7 52. d5 Ra6
53. c6+ Kc7 54. d6+ Kxd6 55. c7 1-0

[Event "37. Copenhagen Open (Politiken Cup)"]
[Site "Elsinore"]
[Date "2015.07.26"]
[Round "2"]
[White "De Strycker, Nathan"]
[Black "Delorme, Axel"]
[Result "0-1"]
[WhiteElo "2097"]
[BlackElo "2484"]
[PlyCount "86"]
[EventDate "2015.07.25"]
[EventType "swiss"]
[EventRounds "10"]
[EventCountry "DEN"]
[Source "ChessBase"]
[SourceDate "2015.09.14"]

1. d4 e6 2. e4 d5 3. exd5 exd5 4. Bd3 c5 5. Nf3 c4 6. Be2 Bd6 7. b3 cxb3 8.
axb3 Ne7 9. O-O O-O 10. c4 Nbc6 11. Nc3 Bg4 12. Bg5 f6 13. Be3 Kh8 14. h3 Bh5
15. Qb1 Rc8 16. Nxd5 Nxd5 17. cxd5 Nb4 18. Ng5 Bg6 19. Ne6 Qb6 20. Qd1 Rfe8 21.
Bc4 Bb8 22. Qg4 Nc2 23. Rac1 Nxe3 24. fxe3 Qd6 25. Bd3 Rxc1 26. Rxc1 Qxd5 27.
Bxg6 hxg6 28. Nf4 Bxf4 29. Qxf4 Qxb3 30. e4 Qb2 31. Rd1 Qe2 32. Qh4+ Kg8 33.
Re1 Qd3 34. d5 a5 35. Qg4 Qd2 36. Kf1 Qd3+ 37. Kg1 Kf7 38. h4 f5 39. Qf4 Qd4+
40. Kh1 Kg8 41. Qg3 Qd2 42. Rb1 Rxe4 43. Rxb7 Qd4 0-1

[Event "37. Copenhagen Open (Politiken Cup)"]
[Site "Elsinore"]
[Date "2015.07.26"]
[Round "2"]
[White "Ekberg, Jacob"]
[Black "Satre, Roger"]
[Result "0-1"]
[WhiteElo "1656"]
[BlackElo "1900"]
[PlyCount "106"]
[EventDate "2015.07.25"]
[EventType "swiss"]
[EventRounds "10"]
[EventCountry "DEN"]
[Source "ChessBase"]
[SourceDate "2015.09.14"]

1. d4 Nf6 2. c4 e5 3. dxe5 Ng4 4. Nf3 Nc6 5. Nc3 Ncxe5 6. Nxe5 Nxe5 7. e4 Bc5
8. Bf4 Ng6 9. Bg3 O-O 10. a3 Re8 11. b4 Bf8 12. Be2 d6 13. O-O b6 14. Re1 Bb7
15. Bf3 Ne5 16. Be2 g6 17. Qc2 Bg7 18. Rad1 a5 19. c5 axb4 20. axb4 Nc6 21.
cxd6 Nxb4 22. dxc7 Nxc2 23. cxd8=Q Raxd8 24. Rxd8 Rxd8 25. Rc1 Nd4 26. Bf1 Rc8
27. Na2 Rxc1 28. Nxc1 Bxe4 29. f3 Bc6 30. Bd6 Bf8 31. Bxf8 Kxf8 32. Kf2 Ke7 33.
Ke3 Nf5+ 34. Kd2 Kd6 35. Bc4 Bd5 36. Bf1 Kc5 37. Kc3 Ne3 38. Nd3+ Kd6 39. Be2
Nxg2 40. Kd4 Nh4 41. f4 Nf3+ 42. Bxf3 Bxf3 43. Kc3 Kd5 44. Ne5 Ke4 45. Nxf7
Kxf4 46. Nd6 Kg4 47. Kd4 Kh3 48. Ke3 Bc6 49. Kf4 b5 50. Kg5 b4 51. Nc4 Kxh2 52.
Kh6 b3 53. Kxh7 g5 0-1

[Event "37. Copenhagen Open (Politiken Cup)"]
[Site "Elsinore"]
[Date "2015.07.26"]
[Round "2"]
[White "Eriksson, Christian Altenburg"]
[Black "Olesen, Poul Erik Norgaard"]
[Result "1-0"]
[WhiteElo "2175"]
[BlackElo "1970"]
[PlyCount "87"]
[EventDate "2015.07.25"]
[EventType "swiss"]
[EventRounds "10"]
[EventCountry "DEN"]
[Source "ChessBase"]
[SourceDate "2015.09.14"]

1. e4 e5 2. Nf3 d6 3. d4 exd4 4. Nxd4 g6 5. Nc3 Bg7 6. Be2 Nc6 7. Be3 Nge7 8.
Qd2 O-O 9. O-O-O Nxd4 10. Bxd4 Bxd4 11. Qxd4 Nc6 12. Qe3 Be6 13. h4 Qe7 14. h5
Rae8 15. Qh6 g5 16. f4 gxf4 17. Qxf4 Ne5 18. g4 f6 19. Rhg1 Nf7 20. Bd3 Ng5 21.
Qe3 a6 22. a3 b5 23. Ne2 c5 24. Ng3 h6 25. Qf4 c4 26. Be2 Rd8 27. Rge1 a5 28.
Rd4 Nf7 29. Red1 b4 30. axb4 axb4 31. Bxc4 Bxc4 32. Rxc4 d5 33. Rc7 Qe8 34.
Qxf6 Rd6 35. Qe7 Qa4 36. Ra7 Ra6 37. Rxa6 Qxa6 38. Qxb4 dxe4 39. Qa3 Qe6 40.
Nf5 Qe5 41. Qe7 Qf4+ 42. Kb1 Qf3 43. Re1 Qxg4 44. Qxf7+ 1-0

[Event "37. Copenhagen Open (Politiken Cup)"]
[Site "Elsinore"]
[Date "2015.07.26"]
[Round "2"]
[White "Eriksson, Kristian"]
[Black "Nahnsen, Kenneth"]
[Result "1-0"]
[WhiteElo "2164"]
[BlackElo "1960"]
[PlyCount "79"]
[EventDate "2015.07.25"]
[EventType "swiss"]
[EventRounds "10"]
[EventCountry "DEN"]
[Source "ChessBase"]
[SourceDate "2015.09.14"]

1. e4 c5 2. Nf3 d6 3. d4 cxd4 4. Nxd4 Nf6 5. Nc3 g6 6. Be3 Bg7 7. Be2 Nc6 8.
Qd2 O-O 9. O-O-O Nxd4 10. Bxd4 Be6 11. Kb1 Qa5 12. a3 Rfc8 13. f4 b5 14. Bxf6
Bxf6 15. Nd5 Qxd2 16. Nxf6+ Kg7 17. Nh5+ gxh5 18. Rxd2 Rc5 19. f5 Bd7 20. Bxh5
a5 21. Rhd1 Bc6 22. Rd4 Rc8 23. Bf3 Bb7 24. c3 R8c7 25. Kc2 a4 26. Kd3 Kf6 27.
Ke3 Rc8 28. Kf4 h6 29. Rb4 Bc6 30. h4 Kg7 31. g4 f6 32. Rdd4 Be8 33. Be2 Kf8
34. c4 bxc4 35. Rdxc4 Kf7 36. Rxc5 Rxc5 37. Bd1 Rc1 38. Bxa4 Rf1+ 39. Kg3 h5
40. gxh5 1-0

[Event "37. Copenhagen Open (Politiken Cup)"]
[Site "Elsinore"]
[Date "2015.07.26"]
[Round "2"]
[White "Fabrin, Morten"]
[Black "Smith, Thijmen"]
[Result "0-1"]
[WhiteElo "2009"]
[BlackElo "2252"]
[PlyCount "126"]
[EventDate "2015.07.25"]
[EventType "swiss"]
[EventRounds "10"]
[EventCountry "DEN"]
[Source "ChessBase"]
[SourceDate "2015.09.14"]

1. Nf3 Nf6 2. g3 g6 3. c4 Bg7 4. Bg2 d5 5. O-O O-O 6. cxd5 Nxd5 7. Nc3 Nb6 8.
Rb1 Nc6 9. d3 e5 10. b4 Nd4 11. Nxd4 exd4 12. Ne4 h6 13. Nc5 Nd5 14. Bd2 b6 15.
Qb3 c6 16. Na4 Be6 17. Qc2 Rc8 18. e4 dxe3 19. fxe3 Qd6 20. Kh1 Rfd8 21. d4 Re8
22. a3 f5 23. Rbe1 Nf6 24. Nc3 Bf7 25. Bc1 Re7 26. Bb2 Rce8 27. Nd1 Bd5 28.
Bxd5+ Qxd5+ 29. Qg2 Ne4 30. Kg1 h5 31. Bc1 Bh6 32. Qf3 Re6 33. Re2 Kh7 34. Rc2
Qb3 35. Qe2 Nf6 36. Rc3 Qd5 37. Qg2 h4 38. Qxd5 Nxd5 39. Rc2 hxg3 40. hxg3 Nxe3
41. Bxe3 Bxe3+ 42. Nxe3 Rxe3 43. Rxc6 Rxg3+ 44. Kf2 f4 45. Rh1+ Kg7 46. Rc7+
Kf6 47. Rxa7 Rc8 48. Re1 Rh3 49. Kg2 Rg3+ 50. Kf2 Kf5 51. d5 Rc2+ 52. Re2 Rg2+
53. Kxg2 Rxe2+ 54. Kf3 Re3+ 55. Kf2 Rd3 56. Ra6 Rd2+ 57. Ke1 Rxd5 58. Rxb6 f3
59. a4 g5 60. Kf2 Kg4 61. Rb5 Rd2+ 62. Kf1 Kf4 63. a5 Ra2 0-1

[Event "37. Copenhagen Open (Politiken Cup)"]
[Site "Elsinore"]
[Date "2015.07.26"]
[Round "2"]
[White "Fedchuk, Kirill"]
[Black "Smeby, Ole"]
[Result "1/2-1/2"]
[WhiteElo "1631"]
[BlackElo "1895"]
[PlyCount "108"]
[EventDate "2015.07.25"]
[EventType "swiss"]
[EventRounds "10"]
[EventCountry "DEN"]
[Source "ChessBase"]
[SourceDate "2015.09.14"]

1. c4 c5 2. Nc3 Nc6 3. Nf3 Nf6 4. g3 g6 5. Bg2 Bg7 6. O-O O-O 7. d3 d6 8. Bd2
a6 9. Rb1 Rb8 10. a3 b5 11. cxb5 axb5 12. b4 cxb4 13. axb4 Bd7 14. d4 Bf5 15.
Rb2 Ne4 16. e3 Qd7 17. Re1 d5 18. Nh4 Nxc3 19. Bxc3 Bh3 20. Qe2 Bxg2 21. Nxg2
Rfc8 22. Rc2 e6 23. Nf4 Bf8 24. Nd3 Bd6 25. Rb1 Qe7 26. Nc5 e5 27. Qd2 exd4 28.
Bxd4 Nxd4 29. Qxd4 Bxc5 30. bxc5 Qe6 31. Rd1 b4 32. Qxd5 b3 33. Rb2 Qxd5 34.
Rxd5 Kg7 35. Kg2 Kf6 36. Kf3 Rb4 37. Rd6+ Ke7 38. Rb6 Rc4 39. Rb7+ Ke6 40.
R2xb3 R4xc5 41. R3b6+ R5c6 42. h4 h5 43. e4 Kf6 44. Kf4 Kg7 45. Rxc6 Rxc6 46.
Rd7 Rf6+ 47. Ke3 Ra6 48. f4 Ra3+ 49. Rd3 Ra4 50. Kf3 Kf6 51. Re3 Ke6 52. g4
hxg4+ 53. Kxg4 Ra1 54. Rg3 Re1 1/2-1/2

[Event "37. Copenhagen Open (Politiken Cup)"]
[Site "Elsinore"]
[Date "2015.07.26"]
[Round "2"]
[White "Fernandez, Daniel Howard"]
[Black "Lauritsen, Martin Lee"]
[Result "1/2-1/2"]
[WhiteElo "2472"]
[BlackElo "2102"]
[PlyCount "105"]
[EventDate "2015.07.25"]
[EventType "swiss"]
[EventRounds "10"]
[EventCountry "DEN"]
[Source "ChessBase"]
[SourceDate "2015.09.14"]

1. e4 e5 2. Nf3 Nc6 3. Bb5 a6 4. Ba4 Nf6 5. O-O b5 6. Bb3 Be7 7. a4 Rb8 8. axb5
axb5 9. d3 O-O 10. c3 Bb7 11. Bg5 Ra8 12. Nbd2 d6 13. Rxa8 Bxa8 14. Ba2 Na5 15.
b4 Nc6 16. Qc2 Qd7 17. Ra1 h6 18. Bxf6 Bxf6 19. Bd5 Bb7 20. h3 Rb8 21. Ra3 Nd8
22. Bxb7 Nxb7 23. Qa2 Nd8 24. Nf1 c6 25. Ne3 g6 26. Ra7 Rb7 27. Ra8 Kh7 28. Kh2
Ne6 29. g3 Nc7 30. Ra7 Ne6 31. Rxb7 Qxb7 32. Kg2 Kg7 33. Ng1 Bd8 34. Ne2 Bb6
35. Nf1 Qa7 36. Qxa7 Bxa7 37. f4 f5 38. Kf3 Kf6 39. Nd2 c5 40. Nb3 cxb4 41.
cxb4 Nd4+ 42. Nbxd4 Bxd4 43. Nxd4 exd4 44. g4 h5 45. exf5 gxf5 46. Kg3 Kg7 47.
Kh4 Kg6 48. Kg3 Kg7 49. Kf3 Kg6 50. gxf5+ Kxf5 51. h4 d5 52. Kg3 Kf6 53. Kf3
1/2-1/2

[Event "37. Copenhagen Open (Politiken Cup)"]
[Site "Elsinore"]
[Date "2015.07.26"]
[Round "2"]
[White "Fjallheim, Elmar Reinert"]
[Black "Saltvedt, Martin"]
[Result "1/2-1/2"]
[WhiteElo "1601"]
[BlackElo "1864"]
[PlyCount "100"]
[EventDate "2015.07.25"]
[EventType "swiss"]
[EventRounds "10"]
[EventCountry "DEN"]
[Source "ChessBase"]
[SourceDate "2015.09.14"]

1. e4 c5 2. c3 d5 3. exd5 Qxd5 4. Qf3 Qe5+ 5. Qe3 Qc7 6. Nf3 Nf6 7. Bc4 Bf5 8.
O-O Nbd7 9. d4 e6 10. h3 a6 11. Be2 Bd6 12. Nh4 Nd5 13. Qf3 Bg6 14. Nxg6 hxg6
15. Nd2 N7f6 16. Nc4 Bh2+ 17. Kh1 Nh5 18. Ne5 Bxe5 19. dxe5 Qxe5 20. c4 Nc7 21.
Be3 Rb8 22. g4 Nf6 23. Bf4 Rxh3+ 24. Qxh3 Qxf4 25. Qh8+ Kd7 26. Qxb8 Qe4+ 27.
f3 Qxe2 28. Qxb7 Qxc4 29. Rac1 Qf4 30. Rxc5 Nfd5 31. Rf2 Qd4 32. Rcc2 Qd1+ 33.
Kh2 Qe1 34. Qc6+ Ke7 35. Qc5+ Kd7 36. Qd4 Qb4 37. Rc4 Qd6+ 38. Kg1 Qg3+ 39. Kf1
Nb5 40. Qc5 Qe5 41. Qc8+ Ke7 42. Re4 Qd6 43. Rc2 Nb4 44. Qb7+ Kf6 45. Rcc4 Qd1+
46. Kg2 Qd2+ 47. Kg3 Nd3 48. g5+ Qxg5+ 49. Rg4 Qe5+ 50. Rcf4+ Nxf4 1/2-1/2

[Event "37. Copenhagen Open (Politiken Cup)"]
[Site "Elsinore"]
[Date "2015.07.26"]
[Round "2"]
[White "Fjallheim, Leif Reinert"]
[Black "Jorgensen, Alexander Torp"]
[Result "1/2-1/2"]
[WhiteElo "1530"]
[BlackElo "1842"]
[PlyCount "51"]
[EventDate "2015.07.25"]
[EventType "swiss"]
[EventRounds "10"]
[EventCountry "DEN"]
[Source "ChessBase"]
[SourceDate "2015.09.14"]

1. e4 c5 2. Nf3 a6 3. d4 cxd4 4. Nxd4 e5 5. Nf3 Nc6 6. Bc4 Nf6 7. Nc3 Bb4 8.
Qd3 d6 9. O-O O-O 10. Bg5 h6 11. Bh4 g5 12. Bg3 Bxc3 13. bxc3 b5 14. Bd5 Nxd5
15. exd5 Ne7 16. c4 bxc4 17. Qxc4 Bb7 18. Rad1 Qa5 19. Qg4 f5 20. Qh5 g4 21.
Bh4 Nxd5 22. Qg6+ Kh8 23. Qxh6+ Kg8 24. Qg6+ Kh8 25. Qh6+ Kg8 26. Qg6+ 1/2-1/2

[Event "37. Copenhagen Open (Politiken Cup)"]
[Site "Elsinore"]
[Date "2015.07.26"]
[Round "2"]
[White "Fjellengen, Bard"]
[Black "Rossen, Claus"]
[Result "0-1"]
[WhiteElo "1749"]
[BlackElo "2193"]
[PlyCount "84"]
[EventDate "2015.07.25"]
[EventType "swiss"]
[EventRounds "10"]
[EventCountry "DEN"]
[Source "ChessBase"]
[SourceDate "2015.09.14"]

1. d4 Nf6 2. c4 g6 3. Nc3 d5 4. cxd5 Nxd5 5. e4 Nxc3 6. bxc3 Bg7 7. Nf3 c5 8.
Bb5+ Nc6 9. O-O O-O 10. Bxc6 bxc6 11. h3 cxd4 12. cxd4 c5 13. Bb2 Rb8 14. Bc3
Be6 15. Qd2 cxd4 16. Bxd4 Bxd4 17. Qxd4 Qa5 18. Rfb1 f6 19. a3 Rfd8 20. Qe3 Qa4
21. Rxb8 Rxb8 22. Nd4 Bf7 23. Rc1 Rd8 24. Nc6 Rd1+ 25. Kh2 Rxc1 26. Qxc1 Qxe4
27. Qc5 e5 28. f3 Qf4+ 29. Kg1 a6 30. Qd6 Kg7 31. Nd8 Qd4+ 32. Qxd4 exd4 33.
Nc6 d3 34. Kf2 f5 35. Ke3 Bc4 36. Kd2 Kf6 37. Nb4 Kg5 38. Nxd3 Kh4 39. Ne1 Kg3
40. Ke3 Bf1 41. f4 Bxg2 42. h4 Be4 0-1

[Event "37. Copenhagen Open (Politiken Cup)"]
[Site "Elsinore"]
[Date "2015.07.26"]
[Round "2"]
[White "Fossan, Benjamin"]
[Black "Weishaeutel, Moritz"]
[Result "0-1"]
[WhiteElo "1697"]
[BlackElo "1926"]
[PlyCount "132"]
[EventDate "2015.07.25"]
[EventType "swiss"]
[EventRounds "10"]
[EventCountry "DEN"]
[Source "ChessBase"]
[SourceDate "2015.09.14"]

1. e4 e6 2. d4 d5 3. Nc3 Nf6 4. e5 Nfd7 5. f4 c5 6. Nf3 Nc6 7. Be3 Be7 8. Qd2
O-O 9. Be2 b6 10. O-O a5 11. Bb5 Nxd4 12. Nxd4 cxd4 13. Bxd4 Ba6 14. Bxa6 Rxa6
15. Nb5 Nc5 16. Kh1 Qd7 17. Bxc5 bxc5 18. a4 f6 19. Qe2 Raa8 20. Rac1 c4 21.
exf6 Rxf6 22. f5 Raf8 23. fxe6 Rxf1+ 24. Rxf1 Rxf1+ 25. Qxf1 Qxe6 26. h3 Bf6
27. c3 Qe3 28. Qd1 Qd3 29. Qe1 h6 30. Qf2 Be5 31. Qe1 Bg3 32. Qc1 Qe2 33. Nd4
Qf2 34. Nc6 Bf4 35. Qd1 Qg3 36. Qg1 g5 37. Ne7+ Kh7 38. Nf5 Qd3 39. Nd4 g4 40.
hxg4 Qg3 41. Nf3 Qxg4 42. Qa7+ Qg7 43. Qxa5 Qf7 44. Qc5 Bb8 45. Qf2 Qe8 46.
Qc2+ Kh8 47. Qf5 Qd8 48. Qg4 Qd6 49. Qd4+ Kg8 50. a5 Bc7 51. Qa7 Qf4 52. a6
Qc1+ 53. Qg1 Qxb2 54. a7 Qb7 55. Qa1 Qa8 56. Qa6 Bg3 57. Nd4 Bf2 58. Nc6 Bxa7
59. Qxa7 Qxa7 60. Nxa7 d4 61. cxd4 c3 62. d5 c2 63. Nb5 c1=Q+ 64. Kh2 Qc5 65.
d6 Qxb5 66. Kh3 Qd5 0-1

[Event "37. Copenhagen Open (Politiken Cup)"]
[Site "Elsinore"]
[Date "2015.07.26"]
[Round "2"]
[White "Fossan, Petter"]
[Black "Winfridsson, Hakan"]
[Result "1-0"]
[WhiteElo "2308"]
[BlackElo "2038"]
[PlyCount "57"]
[EventDate "2015.07.25"]
[EventType "swiss"]
[EventRounds "10"]
[EventCountry "DEN"]
[Source "ChessBase"]
[SourceDate "2015.09.14"]

1. e4 c5 2. c3 d5 3. exd5 Qxd5 4. d4 Nc6 5. Nf3 Bg4 6. Be2 cxd4 7. cxd4 e6 8.
Nc3 Qa5 9. h3 Bh5 10. O-O Nf6 11. Be3 Be7 12. a3 O-O 13. Qb3 Qc7 14. Rac1 Rac8
15. Rfd1 Qb8 16. d5 exd5 17. Nxd5 Nxd5 18. Rxd5 Bg6 19. Rd7 Bf6 20. Qxb7 Bxb2
21. Rxc6 Qxb7 22. Rxb7 Rxc6 23. Rxb2 a6 24. Ne5 Rc2 25. Rxc2 Bxc2 26. Bc4 Bf5
27. Bc5 Rc8 28. Bxf7+ Kh8 29. Bd6 1-0

[Event "37. Copenhagen Open (Politiken Cup)"]
[Site "Elsinore"]
[Date "2015.07.26"]
[Round "2"]
[White "Frederiksen Kristian, Pade"]
[Black "Vestjord, Harald Christian"]
[Result "1-0"]
[WhiteElo "1839"]
[BlackElo "1473"]
[PlyCount "45"]
[EventDate "2015.07.25"]
[EventType "swiss"]
[EventRounds "10"]
[EventCountry "DEN"]
[Source "ChessBase"]
[SourceDate "2015.09.14"]

1. d4 d5 2. c4 c6 3. Nf3 Nf6 4. Nc3 e6 5. e3 Nbd7 6. Bd3 dxc4 7. Bxc4 b5 8. Bd3
Bd6 9. O-O a6 10. Ne4 Nxe4 11. Bxe4 Bb7 12. Bd2 f5 13. Bd3 c5 14. Rc1 Rc8 15.
Qe2 c4 16. Bb1 Nf6 17. Ne5 Bd5 18. f3 Qc7 19. e4 Bxe5 20. dxe5 fxe4 21. fxe4
Nxe4 22. Bxe4 Qc6 23. Qh5+ 1-0

[Event "37. Copenhagen Open (Politiken Cup)"]
[Site "Elsinore"]
[Date "2015.07.26"]
[Round "2"]
[White "Frisvold, Ole Emil"]
[Black "Holm, Kristian Stuvik"]
[Result "0-1"]
[WhiteElo "2063"]
[BlackElo "2398"]
[PlyCount "90"]
[EventDate "2015.07.25"]
[EventType "swiss"]
[EventRounds "10"]
[EventCountry "DEN"]
[Source "ChessBase"]
[SourceDate "2015.09.14"]

1. d4 Nf6 2. Nf3 g6 3. g3 Bg7 4. Bg2 O-O 5. O-O d6 6. c4 c6 7. Nc3 Qb6 8. Qc2
Qa6 9. b3 d5 10. Nd2 Be6 11. Rb1 Nbd7 12. Rd1 Bf5 13. e4 dxe4 14. Ndxe4 Nxe4
15. Bxe4 Bh3 16. Be3 Nf6 17. Bd3 Qa5 18. Qd2 Qh5 19. Ne2 e5 20. dxe5 Qxe5 21.
Nf4 Bg4 22. Re1 Qc7 23. h3 Bd7 24. Bc5 Rfe8 25. Bf1 Ne4 26. Qb4 Bc3 27. Qa3
Bxe1 28. Rxe1 Nxc5 29. Rxe8+ Rxe8 30. Qxc5 b6 31. Qd4 Re7 32. Nd3 Bf5 33. Nf4
Rd7 34. Qf6 Rd6 35. Qe5 f6 36. Qe8+ Kg7 37. c5 Rd8 38. Qe6 Qd7 39. Qe3 Qe8 40.
Qc3 g5 41. Ne2 Rd1 42. Nd4 Bxh3 43. Kh2 Rxf1 44. Qf3 Bd7 45. Qd3 Qh5+ 0-1